书目信息 |
| 题名: |
大学生职业生涯规划实用教程
|
|
| 作者: | 张秋山 , 王宪明 主编 | |
| 分册: | ||
| 出版信息: | 北京 人民出版社 2006 |
|
| 页数: | 519页 | |
| 开本: | 21cm | |
| 丛书名: | ||
| 单 册: | ||
| 中图分类: | G647.38 | |
| 科图分类: | ||
| 主题词: | 大学生 , 职业选择 , 大学生--职业选择 | |
| 电子资源: | ||
| ISBN: | 7-01-005861-X | |
| 000 | 01057nam0 2200265 450 | |
| 001 | 070730000233 | |
| 005 | 20071015092422.30 | |
| 010 | @a7-01-005861-X@dCNY28.00 | |
| 035 | @a003393087 | |
| 100 | @a20070328d2006 em y0chiy0110 ea | |
| 101 | 0 | @achi |
| 102 | @aCN@b110000 | |
| 105 | @ay z 000yy | |
| 200 | 1 | @a大学生职业生涯规划实用教程@Ada xue sheng zhi ye sheng ya gui hua shi yong jiao cheng@f张秋山,王宪明主编 |
| 210 | @a北京@c人民出版社@d2006 | |
| 215 | @a519页@d21cm | |
| 330 | @a本书不但介绍了国内外先进的职业生涯发展理论、职业生涯选择理论,提出了职业测评的理论和方法,而且对当前就业过程中的一些热点问题和大学生比较关心的问题进行了专门的分析和指导,对初涉职场的大学毕业生提出了一些意见和建议,引导毕业生尽快转变角色,克服职业挫折,学会在社会这个“大学校”中学习、成长、成熟。 | |
| 606 | 0 | @a大学生 |
| 606 | 0 | @a职业选择 |
| 606 | 0 | @a大学生@x职业选择 |
| 690 | @aG647.38@v4 | |
| 701 | 0 | @a张秋山@Azhang qiu shan@f(1965.7~)@4主编 |
| 701 | 0 | @a王宪明@Awang xian ming@f(1972.8~)@4主编 |
| 801 | 0 | @aCN@c20071015 |
| 905 | @dG647.38@eZ150 | |
| 大学生职业生涯规划实用教程/张秋山,王宪明主编.-北京:人民出版社,2006 |
| 519页;21cm |
| ISBN 7-01-005861-X:CNY28.00 |
| 本书不但介绍了国内外先进的职业生涯发展理论、职业生涯选择理论,提出了职业测评的理论和方法,而且对当前就业过程中的一些热点问题和大学生比较关心的问题进行了专门的分析和指导,对初涉职场的大学毕业生提出了一些意见和建议,引导毕业生尽快转变角色,克服职业挫折,学会在社会这个“大学校”中学习、成长、成熟。 |
| ● |
| 相关链接 |
|
|
|
正题名:大学生职业生涯规划实用教程
索取号:G647.38/Z150
 
预约/预借
| 序号 | 登录号 | 条形码 | 馆藏地/架位号 | 状态 | 备注 |
| 1 | 650502 | 206505021 | 社科库409/422社科库 47排1列2层/ [索取号:G647.38/Z150] | 在馆 |